| 000 | 00710cam a22001932 4500 | ||
|---|---|---|---|
| 999 |
_c16473 _d16473 |
||
| 001 | 0000025015 | ||
| 003 | OSt | ||
| 005 | 20170915093303.0 | ||
| 008 | 140416s xx 000 0 eng d | ||
| 040 |
_aKABU _cKABU |
||
| 100 | 1 | _aLunani, Julia Naliaka | |
| 245 | 1 | 3 |
_aAn Evaluation of the factors influencing increase in revenue collection by Kenya Revenue Authority _cJulia Naliaka Lunani |
| 260 |
_aNakuru : _bKabarak University, _c2016 |
||
| 300 | _axii, 60 leaves | ||
| 502 | _aThesis (MBA) - Kabarak University, 2016. | ||
| 650 | 0 |
_aTaxation _zKenya |
|
| 942 |
_2lcc _cTHE _hTHE HJ3043 _i.L86 2016 c.1 _kThe |
||